New Insights into Communication & Media (Record no. 9197)
[ view plain ]
| 000 -LEADER | |
|---|---|
| fixed length control field | 00442nam a22001457a 4500 |
| 005 - DATE AND TIME OF LATEST TRANSACTION | |
| control field | 20260327203301.0 |
| 008 - FIXED-LENGTH DATA ELEMENTS--GENERAL INFORMATION | |
| fixed length control field | 260327b |||||||| |||| 00| 0 eng d |
| 020 ## - INTERNATIONAL STANDARD BOOK NUMBER | |
| International Standard Book Number | 1868539342 |
| 020 ## - INTERNATIONAL STANDARD BOOK NUMBER | |
| International Standard Book Number | 9781868539345 |
| 050 ## - LIBRARY OF CONGRESS CALL NUMBER | |
| Classification number | P92 |
| Item number | .A35.M47 MER |
| 100 ## - MAIN ENTRY--PERSONAL NAME | |
| Personal name | Mersham Gary |
| 245 ## - TITLE STATEMENT | |
| Title | New Insights into Communication & Media |
| Statement of responsibility, etc. | Gary Mershan & Chris Skinner |
| 260 ## - PUBLICATION, DISTRIBUTION, ETC. | |
| Place of publication, distribution, etc. | Sandown |
| Name of publisher, distributor, etc. | Heinermann Publishers (Pty) Ltd. |
| Date of publication, distribution, etc. | 2001 |
| 942 ## - ADDED ENTRY ELEMENTS (KOHA) | |
| Source of classification or shelving scheme | Library of Congress Classification |
| Koha item type | Books |
| Edition | 1st Ed. |
| Suppress in OPAC | No |
| 999 ## - | |
| -- | 9197 |
| -- | 9197 |
| Withdrawn status | Lost status | Source of classification or shelving scheme | Damaged status | Not for loan | Collection | Home library | Current library | Shelving location | Date acquired | Total checkouts | Full call number | Barcode | Date last seen | Copy number | Price effective from | Koha item type |
|---|---|---|---|---|---|---|---|---|---|---|---|---|---|---|---|---|
| Library of Congress Classification | Non-fiction | Business Library (Miotso) | Business Library (Miotso) | General stacks | 03/27/2026 | P92 .A35.M47 MER | BSSM00003111 | 03/27/2026 | 1 | 03/27/2026 | Books | |||||
| Library of Congress Classification | Non-fiction | Business Library (Miotso) | Business Library (Miotso) | General stacks | 03/27/2026 | P92 .A35.M47 MER | BSSM00003112 | 03/27/2026 | 2 | 03/27/2026 | Books |